000 00671nam a2200241Ia 4500
003 0100
005 20141023105853.0
008 130303s9999 xx 000 0 und d
040 _cARRUPELIB
050 _aB1649.P64 2001
100 _aRaison, Ardente
_912250
245 _aRaison Ardente
260 _aKinshasa
260 _bSaint Pierre Canisius
300 _a126p.
300 _b 23cm.
440 _aRaison, Ardente No. 62
_912251
600 _2Popper, Karl
_xaddresses
_912252
650 _bCatholic Church and philosophy
_912253
650 _cSociology, ChristianCatholic
_912254
650 _dCatholic Church-Doctrines
_912255
942 _2lcc
_cMONOGRAPH
999 _c63381
_d63381